Responses for show #3703 - Wednesday, October 11, 2000

Contestants

[<< previous game]

Paul Smith, an attorney from Sutton, Massachusetts

David Tepper, an attorney from Richmond, Virginia

Nancy Huettner, a mental health worker from Manchester, New Hampshire (whose 1-day cash winnings total $13,600)

[next game >>]

Jeopardy! Round responses

MISS AMERICA
YOU'RE TOYING WITH ME
LITTLE-HEARD LAST NAMES
MAY
THE FORCE
"B" WITH "U"
    $100 21
Vanessa Williams

Nancy
    $100 8
Irving Price

Paul
    $100 4
Judd

Paul
    $100 26
Stamps

Nancy
    $100 16
Gravity

David
    $100 1
Bubba

Paul
    $200 22
Donny & Marie Osmond

Nancy
    $200 9
Jacks

Paul
    $200 5
Alighieri

David
    $200 27
Liberace

Nancy
    $200 18
Friction

Paul
    $200 2
Bumper-to-bumper

David
    $300 23
(David: What is "Here She Is"?)

"There She Is"

NancyDavid
    $300 10
Blocks

David
    $300 6
Galilei

David
    $300 28
Smithsonian Institution

Nancy
    $300 17
Repulsive/repellant

Nancy
    $500 3
Buff

David
    $400 24
Mary Ann Mobley

Nancy
    $400 14
Cap

David
    $400 7
Ciccone

Paul
    $400 29
Druids

David
    $400 19
Centrifugal force

David
    $400 12
Bullets

David
    $500 25
Bess Myerson

David
    $500 15
Robby the Robot

Paul
    $500 11
van Rijn

Triple Stumper
    $500 30
(N: What are Aries & Taurus?)

Taurus & Gemini

NancyDavid
    $500 20
Acceleration

Paul
    $500 13
(D: What is a bum?)

Busker

David
Triple Stumper

Scores at the first commercial break (after clue 15):

Nancy David Paul
$0 $1,800 $1,400

Scores at the end of the Jeopardy! Round:

Nancy David Paul
$1,400 $3,400 $2,100

Double Jeopardy! Round responses

CLASSICAL MUSIC
THE FUNNIES
IT BORDERS BOTH
(Alex: You have to name the country that does)
FLYING MANEUVERS
AFRICAN-AMERICAN LIT
HOW TO SAY YES!
    $200 11
Hoffmann

Triple Stumper
    $200 6
Blondie

Nancy
    $200 1
France

David
    $200 24
Bank it

David
    $200 14
Alex Haley

Paul
    $200 12
Oui

Nancy
    $400 22
(D: Who is Mozart?)

L.V. Beethoven

NancyDavid
    $400 7
Little Orphan Annie

David
    $400 2
Finland

Nancy
    $400 25
Buzzing

David
    $400 15
Toni Morrison

Nancy
    $400 13
Bob

Paul
    $2,000 23
(N: Who is Strauss?)

Frederic Chopin

Nancy
    $600 8
(P: Who is Bugs Bunny?)

Rex Morgan, M.D.

NancyPaul
    $600 3
(N: What is Afghanistan?)
(D: What is Iraq?)

Pakistan

NancyDavid
Triple Stumper
    $600 26
(D: What is dive bomb?)

Loop-the-loop

David
Triple Stumper
    $600 16
James Baldwin

Triple Stumper
    $600 19
Greek

David
    $800 29
Johannes Brahms

David
    $800 9
Mutts

David
    $1,200 4
(N: What is Ethiopia?)

The Sudan

Nancy
    $800 27
Barrel roll

Nancy
    $800 17
Terry McMillan

David
    $800 20
Ken

Nancy
    $1000 30
The Creation

Triple Stumper
    $1000 10
Gasoline Alley

Triple Stumper
    $1000 5
Belize

Paul
    $1000 28
Yaw

Nancy
    $1000 18
Brewster Place

David
    $1000 21
Portuguese

David

Scores at the end of the Double Jeopardy! Round:

Nancy David Paul
$2,400 $8,000 $3,100
(lock game)

[wagering suggestions for these scores]

Final Jeopardy! Round responses

2000 PRESIDENTIAL HOPEFULS
(Alex: Think back now to the primaries!)
NancyWho is Cheney?
$2,400
PaulWho is Buchanan?
$1,800
DavidWho is Cheney?
$1,500
Elizabeth Dole

Final scores:

Nancy David Paul
$0 $6,500 $1,300
3rd place: a Clio Internet appliance New champion: $6,500 2nd place: a trip to Marriott's Rancho Las Palmas Resort, Rancho Mirage, California

Game dynamics:

Coryat scores:

Nancy David Paul
$5,600 $7,800 $3,100
17 R,
4 W
(including 2 DDs)
22 R
(including 1 DD),
5 W
11 R,
1 W

Combined Coryat: $16,500

The J! Archive is created by fans, for fans. The Jeopardy! game show and all elements thereof, including but not limited to copyright and trademark thereto, are the property of Jeopardy Productions, Inc. and are protected under law. This website is not affiliated with, sponsored by, or operated by Jeopardy Productions, Inc. Join the discussion at JBoard.tv.